书目信息 |
| 题名: |
三十九级台阶
|
|
| 作者: | 巴肯 著 ;布拉德改写 , 王云 译 | |
| 分册: | ||
| 出版信息: | 北京 外语教学与研究出版社 1997 |
|
| 页数: | 149页 | |
| 开本: | 20cm | |
| 丛书名: | ||
| 单 册: | ||
| 中图分类: | H319.4 | |
| 科图分类: | ||
| 主题词: | 英语 | |
| 电子资源: | ||
| ISBN: | 7-5600-1297-3 | |
| 000 | 00677nam0 2200217 450 | |
| 001 | 2638413427 | |
| 005 | 20260414104249.54 | |
| 010 | @a7-5600-1297-3@dCNY7.90 | |
| 100 | @a20260414d1997 km y0chiy0120 ea | |
| 101 | 0 | @achi |
| 102 | @aCN@b110000 | |
| 200 | 1 | @a三十九级台阶@ASan Shi Jiu Ji Tai Jie@f巴肯著@FBa Ken Zhu@g布拉德改写,王云译@GBu La De Gai Xie,Wang Yun Yi |
| 210 | @a北京@c外语教学与研究出版社@d1997 | |
| 215 | @a149页@d20cm | |
| 606 | 0 | @a英语 |
| 690 | @aH319.4@v4 | |
| 701 | 0 | @a巴肯@ABa Ken@4著 |
| 702 | 0 | @a布拉德改写@ABu La De Gai Xie@4译 |
| 702 | 0 | @a王云@AWang Yun@4译 |
| 801 | 0 | @aCN@b大连网信软件有限公司图书馆·11@c20260414 |
| 905 | @aZUCC@dH319.4@e2711 | |
| 三十九级台阶/巴肯著/布拉德改写,王云译.-北京:外语教学与研究出版社,1997 |
| 149页;20cm |
| ISBN 7-5600-1297-3:CNY7.90 |
| ● |
| 相关链接 |
|
|
|
|
正题名:三十九级台阶
索取号:H319.4/2711
 
预约/预借
| 序号 | 登录号 | 条形码 | 馆藏地/架位号 | 状态 | 备注 |
| 1 | 1442651 | 214426511 | 第二样本阅览室/ [索取号:H319.4/2711] | 在馆 |